000 00957nmm a2200289 a 4500
001 ocm000955339
003 TR-IsHL
005 20201028150431.0
008 150110s2014 tu eng
007 cr cn
020 _a9781503027190
035 _a955339
_b(N$T)
050 0 4 _aPR6007.E5
_bP87 2014
090 0 4 _aPR6007.E5
_bP87 2014
100 1 _aDel Rey, Lester
245 1 0 _aPursuit
_h[electronic resource] /
_cLester Del Rey ; illustrated by Murat Ukray, Paul Orban
260 _aİstanbul :
_bE-Kitap Projesi,
_c2014
300 _a112 p.
650 4 _aDil ve Edebiyat
650 4 _aLanguage and Literature
650 0 _aZaman yolculuğu
_x Roman
650 0 _aTime travel
_x Fiction
650 7 _aLITERARY COLLECTIONS / European / English, Irish, Scottish, Welsh
_2bisacsh
700 1 _aUkray, Murat
700 1 _aOrban, Paul
856 4 0 _uhttp://search.ebscohost.com/login.aspx?direct=true&scope=site&db=e011xww&AN=955339
999 _c10470
_d10470